000 00779nam a2200241 a 4500
999 _c12191
_d12191
001 12191
003 BD-JhCC
005 20211207134021.0
008 210323s2017 bg |||| || | 000 1 ben d
020 _a97898491874233
035 _a(BD-JhCC)12191
040 _aBD-JhCC
_dBD-JhCC
041 _aben
082 _a 891.443
_bAHM 2017
100 _aআহমেদ, হুমায়ূন
245 _aসায়েন্স ফিকশন :
_bস্রুরা আছেন /
_cহুমায়ূন আহমেদ
260 _aঢাকা :
_bঅনুপম প্রকাশনী,
_c২০১৭.
300 _a১৯৯ পৃ. :
_c২২ সেমি.
650 _aBangali Novel
650 _aScience Fiction
942 _2ddc
_cBK
_03